|
|
|
|
| LEADER |
00000nab a2200000 a 4500 |
| 001 |
vtls000327884 |
| 003 |
SK-MaSNL |
| 005 |
20260304032713.0 |
| 008 |
230217c1988 xo 0 slo |
| 015 |
|
|
|a SNBRB19rr/mm-uuuuu
|
| 035 |
|
|
|a CL0328006
|
| 035 |
|
|
|a urn:nbn:sk:snk-abbiec
|
| 035 |
|
|
|a (urnnbn)urn:nbn:sk:snk:ar-000qkv
|
| 035 |
|
|
|a (uuid)c318186c-94c1-47ba-b8e7-267ced7ee84f
|
| 040 |
|
|
|a SNKBUCL
|b slo
|c SNKBUCL
|e AACR2
|
| 041 |
0 |
|
|a slo
|
| 044 |
|
|
|a xo
|c SK
|
| 080 |
|
|
|a 027.53(437.6)
|2 1981
|
| 080 |
|
|
|a 024.1
|2 1981
|
| 100 |
1 |
|
|a Kalinová, Vlasta,
|d 1934-
|4 aut
|9 37816
|
| 245 |
1 |
0 |
|a K problematike knižničných poriadkov
|c Vlasta Kalinová
|
| 650 |
0 |
7 |
|a krajské knižnice
|2 snkbucl
|9 64388
|
| 650 |
0 |
7 |
|a okresné knižnice
|2 snkbucl
|9 64389
|
| 650 |
0 |
7 |
|a poriadky výpožičné
|2 snkbucl
|9 1012415
|
| 655 |
|
7 |
|a články z novín a časopisov
|2 snkbucl
|9 267496
|
| 655 |
|
7 |
|a články z odboru knihovníctvo
|2 snkbucl
|9 166141
|
| 773 |
0 |
|
|t Čitateľ
|g Roč. 37, č. 7-8 (1988), s. 258-259
|
| 850 |
|
|
|a Slovenská národná knižnica v Martine
|a MTA001
|
| 852 |
|
|
|a SNK
|b KIS3GCP
|
| 954 |
|
|
|a odborná, vedecká literatúra pôvodná (slovenská)
|2 lita
|
| 958 |
|
|
|a RK
|
| 958 |
|
|
|a KL
|
| 958 |
|
|
|a OND
|
| 958 |
|
|
|a EUIPO
|
| 958 |
|
|
|a article15
|
| 992 |
|
|
|a RBX
|
| 999 |
|
|
|c 2644513
|d 2646443
|